Faculty of Law Library — Cairo University

Official Online Catalog

Genetics and criminal behavior / (Record no. 52959)

MARC details
000 -LEADER
fixed length control field 01481cac a2200397 i 4500
003 - CONTROL NUMBER IDENTIFIER
control field EG-GICUC
005 - DATE AND TIME OF LATEST TRANSACTION
control field 20260121101545.0
008 - FIXED-LENGTH DATA ELEMENTS--GENERAL INFORMATION
fixed length control field 000328s2001 enka frb 001 0 eng d
020 ## - INTERNATIONAL STANDARD BOOK NUMBER
International Standard Book Number 052162214X
Qualifying information hbk.
020 ## - INTERNATIONAL STANDARD BOOK NUMBER
International Standard Book Number 0521627281
Qualifying information pbk.
020 ## - INTERNATIONAL STANDARD BOOK NUMBER
International Standard Book Number 9780521627283
Qualifying information (pbk.)
040 ## - CATALOGING SOURCE
Original cataloging agency DLC
Transcribing agency DLC
Modifying agency DLC
-- EG-GICUC
Language of cataloging eng
Description conventions rda
050 00 - LIBRARY OF CONGRESS CALL NUMBER
Classification number RC455.4.G4
Item number G437 2001
082 00 - DEWEY DECIMAL CLASSIFICATION NUMBER
Classification number 343.622
Edition number 21
092 04 - LOCALLY ASSIGNED DEWEY CALL NUMBER (OCLC)
Edition number 21
099 ## - LOCAL FREE-TEXT CALL NUMBER (OCLC)
Classification number Law 10 2001
245 00 - TITLE STATEMENT
Title Genetics and criminal behavior /
Statement of responsibility, etc. edited by David Wasserman, Robert Wachbroit.
264 ## - PRODUCTION, PUBLICATION, DISTRIBUTION, MANUFACTURE, AND COPYRIGHT NOTICE
Place of production, publication, distribution, manufacture Cambridge, UK ;
-- New York, NY, USA :
Name of producer, publisher, distributor, manufacturer Cambridge University Press,
Date of production, publication, distribution, manufacture, or copyright notice 2001.
300 ## - PHYSICAL DESCRIPTION
Extent xi, 335 page :
Other physical details illustrations ;
Dimensions 24 cm.
336 ## - CONTENT TYPE
Content type term text
Content type code txt
Source rdacontent
337 ## - MEDIA TYPE
Media type term unmediated
Media type code n
Source rdamedia
338 ## - CARRIER TYPE
Carrier type term volume
Carrier type code nc
Source rdacarrier
440 #0 - SERIES STATEMENT/ADDED ENTRY--TITLE
Title Cambridge studies in philosophy and public policy
504 ## - BIBLIOGRAPHY, ETC. NOTE
Bibliography, etc. note Includes bibliographical references and index.
650 #0 - SUBJECT ADDED ENTRY--TOPICAL TERM
Topical term or geographic name entry element Mental illness
General subdivision Genetic aspects.
650 #0 - SUBJECT ADDED ENTRY--TOPICAL TERM
Topical term or geographic name entry element Behavior genetics.
650 #0 - SUBJECT ADDED ENTRY--TOPICAL TERM
Topical term or geographic name entry element Criminal behavior
General subdivision Genetic aspects.
650 #0 - SUBJECT ADDED ENTRY--TOPICAL TERM
Topical term or geographic name entry element Criminal behavior, Prediction of.
700 1# - ADDED ENTRY--PERSONAL NAME
Personal name Wasserman, David T.
700 1# - ADDED ENTRY--PERSONAL NAME
Personal name Wachbroit, Robert Samuel.
856 42 - ELECTRONIC LOCATION AND ACCESS
Uniform Resource Identifier <a href="https://fll.law.cu.edu.eg/fulltext/bks/ENGB10-00112.pdf">https://fll.law.cu.edu.eg/fulltext/bks/ENGB10-00112.pdf</a>
856 42 - ELECTRONIC LOCATION AND ACCESS
Materials specified Publisher description
Uniform Resource Identifier <a href="http://www.loc.gov/catdir/description/cam021/00037821.html">http://www.loc.gov/catdir/description/cam021/00037821.html</a>
856 41 - ELECTRONIC LOCATION AND ACCESS
Materials specified Table of contents
Uniform Resource Identifier <a href="http://www.loc.gov/catdir/toc/cam025/00037821.html">http://www.loc.gov/catdir/toc/cam025/00037821.html</a>
905 ## - Cataloger and Reviser Names
Cataloger Name: Hend El khosy
942 ## - ADDED ENTRY ELEMENTS (KOHA)
Source of classification or shelving scheme Dewey Decimal Classification
Koha item type Books
Edition 21
Suppress in OPAC No
Holdings
Withdrawn status Lost status Source of classification or shelving scheme Damaged status Not for loan Collection Home library Current library Date acquired Total checkouts Full call number Barcode Date last seen Copy number Price effective from Koha item type Public note
    Dewey Decimal Classification     القانون الجنائي جــــامعة القــاهرة مكتبة كلية الحقوق - فـرع الشيخ زايد 29.12.2025   Law2 10 343.662 GE 2001 1000112 C1 ENGB10-00112 29.12.2025 1 29.12.2025 Books 760

© All rights reserved — Faculty of Law, Cairo University